| 000 | 00456cam a22001337a 4500 | ||
|---|---|---|---|
| 008 | 180718b1873 xxu||||| |||| 00| 0 eng d | ||
| 082 | _aA6x42 M119 | ||
| 100 | _aMacaulay, Thomas Babington | ||
| 245 |
_aWorks of Lord Macaulay: complets _cby Thomas Babington Macaulay |
||
| 260 |
_aLondon _bLongmans _c1873 |
||
| 300 | _a8v. | ||
| 500 | _aContents;v.2., 589p.; v.3., 657p.; v.4.,556p.; v.5., 681p.; v.6., 714p.; v.8., 712p. | ||
| 650 | _aGreat Britain-History | ||
| 999 |
_c433451 _d433451 |
||